Wild fire : (Record no. 42010)
[ view plain ]
| 000 -LEADER | |
|---|---|
| fixed length control field | 01431cam a2200397 a 4500 |
| 003 - CONTROL NUMBER IDENTIFIER | |
| control field | OCoLC |
| 005 - DATE AND TIME OF LATEST TRANSACTION | |
| control field | 20241220115649.0 |
| 008 - FIXED-LENGTH DATA ELEMENTS--GENERAL INFORMATION | |
| fixed length control field | 060707s2006 nyu 000 1 eng |
| 001 - CONTROL NUMBER | |
| control field | ocm70291934 |
| 010 ## - LIBRARY OF CONGRESS CONTROL NUMBER | |
| LC control number | 2006020982 |
| 020 ## - INTERNATIONAL STANDARD BOOK NUMBER | |
| International Standard Book Number | 044657967X |
| 024 3# - OTHER STANDARD IDENTIFIER | |
| Standard number or code | 9780446579674 |
| 029 0# - (OCLC) | |
| OCLC library identifier | IG# |
| System control number | 044657967X |
| 035 ## - SYSTEM CONTROL NUMBER | |
| System control number | (Sirsi) i9780446579674 |
| 040 ## - CATALOGING SOURCE | |
| Original cataloging agency | DLC |
| Transcribing agency | DLC |
| Modifying agency | IG# |
| -- | BAKER |
| -- | EPL |
| -- | UINTA |
| 049 ## - LOCAL HOLDINGS (OCLC) | |
| Holding library | UCLB |
| 050 00 - LIBRARY OF CONGRESS CALL NUMBER | |
| Classification number | PS3554.E472 |
| Item number | W55 2006 |
| 082 00 - DEWEY DECIMAL CLASSIFICATION NUMBER | |
| Classification number | 813/.54 |
| Edition number | 22 |
| 092 ## - LOCALLY ASSIGNED DEWEY CALL NUMBER (OCLC) | |
| Classification number | DEMILLE |
| 100 1# - MAIN ENTRY--PERSONAL NAME | |
| Personal name | DeMille, Nelson. |
| 9 (RLIN) | 4700 |
| 245 10 - TITLE STATEMENT | |
| Title | Wild fire : |
| Remainder of title | a novel / |
| Statement of responsibility, etc | Nelson DeMille. |
| 250 ## - EDITION STATEMENT | |
| Edition statement | 1st ed. |
| 260 ## - PUBLICATION, DISTRIBUTION, ETC. (IMPRINT) | |
| Place of publication, distribution, etc | New York : |
| Name of publisher, distributor, etc | Warner Books, |
| Date of publication, distribution, etc | 2006. |
| 300 ## - PHYSICAL DESCRIPTION | |
| Extent | 519 p. ; |
| Dimensions | 24 cm. |
| 520 ## - SUMMARY, ETC. | |
| Summary, etc | "Detective John Corey of The lion's game, Plum Island, and Night fall returns in a new novel about a conspiracy to detonate nuclear bombs in two American cities, setting off a world war of unimaginable proportions"--Provided by the publisher. |
| 650 #0 - SUBJECT ADDED ENTRY--TOPICAL TERM | |
| Topical term or geographic name as entry element | Corey, John (Fictitious character) |
| Form subdivision | Fiction. |
| 9 (RLIN) | 6377385 |
| 650 #0 - SUBJECT ADDED ENTRY--TOPICAL TERM | |
| Topical term or geographic name as entry element | Ex-police officers |
| Form subdivision | Fiction. |
| 9 (RLIN) | 5674708 |
| 650 #0 - SUBJECT ADDED ENTRY--TOPICAL TERM | |
| Topical term or geographic name as entry element | Nuclear terrorism |
| Form subdivision | Fiction. |
| 9 (RLIN) | 5732762 |
| 650 #0 - SUBJECT ADDED ENTRY--TOPICAL TERM | |
| Topical term or geographic name as entry element | Terrorism |
| General subdivision | Prevention |
| Form subdivision | Fiction. |
| 9 (RLIN) | 5674888 |
| 655 #0 - INDEX TERM--GENRE/FORM | |
| Genre/form data or focus term | Suspense fiction. |
| 9 (RLIN) | 6164620 |
| 938 ## - | |
| -- | Ingram |
| -- | INGR |
| -- | 044657967X |
| 938 ## - | |
| -- | Baker & Taylor |
| -- | BKTY |
| -- | 26.99 |
| -- | 20.24 |
| -- | 044657967X |
| -- | 0006780704 |
| -- | active |
| 942 ## - ADDED ENTRY ELEMENTS (KOHA) | |
| Koha item type | BOOK |
| 994 ## - | |
| -- | C0 |
| -- | UINTA |
| 998 ## - LOCAL CONTROL INFORMATION (RLIN) | |
| -- | a95323 |
| Withdrawn status | Lost status | Source of classification or shelving scheme | Damaged status | Not for loan | Collection code | Home library | Current library | Shelving location | Date acquired | Source of acquisition | Cost, normal purchase price | Total Checkouts | Total Renewals | Full call number | Barcode | Date last seen | Date checked out | Cost, replacement price | Price effective from | Koha item type |
|---|---|---|---|---|---|---|---|---|---|---|---|---|---|---|---|---|---|---|---|---|
| Dewey Decimal Classification | Fiction | Wasatch County Library | Wasatch County Library | First Floor | 11/17/2006 | Donation | 26.99 | 24 | 3 | F DeMille | 34301001872912 | 07/27/2024 | 07/15/2024 | 26.99 | 03/20/2020 | BOOK |
